kku e-library facility

The Biology of Human Action (Record no. 150)

MARC details
000 -LEADER
fixed length control field 00390nam a2200133 4500
005 - DATE AND TIME OF LATEST TRANSACTION
control field 20260210124521.0
008 - FIXED-LENGTH DATA ELEMENTS--GENERAL INFORMATION
fixed length control field 260210b |||||||| |||| 00| 0 eng d
020 ## - INTERNATIONAL STANDARD BOOK NUMBER
International Standard Book Number 0716704953
100 ## - MAIN ENTRY--PERSONAL NAME
Personal name Reynolds Vernon
245 ## - TITLE STATEMENT
Title The Biology of Human Action
Statement of responsibility, etc. /Vernon Reynolds
260 ## - PUBLICATION, DISTRIBUTION, ETC.
Place of publication, distribution, etc. San Francisco;
Name of publisher, distributor, etc. W.H Freeman and Company Limited;
Date of publication, distribution, etc. 1976
300 ## - PHYSICAL DESCRIPTION
Extent xii,269p. ill;
Dimensions 23cm
942 ## - ADDED ENTRY ELEMENTS (KOHA)
Source of classification or shelving scheme Library of Congress Classification
Suppress in OPAC No
Koha item type Books

No items available.

©2025 All rights reserved. KKU